00426nam a2200157Ia 45000010006000000050017000060080041000230410008000640820017000721000026000892450106001152600009002213000022002306500008002526540008002601845420260306171632.0260306s9999||||xx |||||||||||||| ||und|| aESP a658.405bA46 aAltschul, CarloseAUT 0aConstruir tratos:bCómo la negociación estratégica supera las diferencias de cultura y de poder c2009 a327 páginas :c aGEN aCAN